| 000 | 00895cam a2200229 a 4500 | ||
|---|---|---|---|
| 001 | 000003067 | ||
| 005 | 20200929150324.0 | ||
| 008 | 010615s2000 ck a 001 0 spa | ||
| 020 | _a9592190534 | ||
| 040 |
_aDO-SdBNP _bspa _cBNPHU |
||
| 082 |
_aH860.9 _bL923p |
||
| 100 | 1 |
_aLoynaz, Dulce María, _d1903-1997. _99680 |
|
| 245 | 1 | 3 |
_aLa palabra en el aire : _bconferencias y discursos / _cDulce María Loynaz ; edición, Vivian Milagros González González, Rosa Pablos de la Rosa. |
| 260 |
_aPinar del Río, Cuba : _bHnos. Loynaz, _c2000. |
||
| 300 |
_a223 p. : _bil. ; _c24 cm. |
||
| 490 | 1 | _aEl fausto | |
| 650 | 4 |
_aLiteratura hispanoamericana _xHistoria y crítica _96273 |
|
| 650 | 4 |
_aLiteratura hispanoamericana _xConferencias, congresos etc _99681 |
|
| 700 | 1 |
_aGonzález González, Vivian Milagros, _eed. _99682 |
|
| 700 | 1 |
_aPablos de la Rosa, Rosa, _eed. _99683 |
|
| 830 | 3 |
_aEl fausto _99684 |
|
| 999 |
_c2898 _d2898 |
||